| 000 | 00660nam a2200181 a 4500 | ||
|---|---|---|---|
| 005 | 20220902123702.0 | ||
| 008 | 991125s1951 mx 000 0 spa u | ||
| 035 | _aUPN01000058523 | ||
| 049 | _aCG | ||
| 050 | 4 |
_aF1232 H5 _bJ3.9 |
|
| 100 | 1 | _aJara Díaz, Joaquín | |
| 245 | 1 | 0 |
_aVida de Hidalgo : _bbiografía ilustrada / _cpor Joaquín Jara Díaz y Elías G. Torres Natterman ; dibujos de Dagoberto Dinorín y Jesús Castruita. |
| 260 |
_aMéxico : _bPatria, _c1951. |
||
| 300 |
_a191 p., [8] h. de láms., [1] h. pleg. : _bil. |
||
| 600 | 1 | 2 |
_aHidalgo y Costilla, Miguel, _d1753-1811 _916388 |
| 700 | 1 |
_aTorres Natterman, Elías G., _ecoaut. |
|
| 905 | _aLibro | ||
| 999 |
_c58523 _d58523 |
||